LIBRARY & INFORMATION CENTRE, KCAET, TAVANUR

ONLINE PUBLIC ACCESS CATALOGUE (OPAC)

Vilasakumari / (Record no. 4275)

MARC details
000 -LEADER
fixed length control field 00349cam a2200145ua 4500
041 ## - LANGUAGE CODE
Language code of text/sound track or separate title mal
082 ## - DEWEY DECIMAL CLASSIFICATION NUMBER
Classification number 894.812308
Item number PAL/VI
100 ## - MAIN ENTRY--AUTHOR NAME
Personal name Pallath, .
245 ## - TITLE STATEMENT
Title Vilasakumari /
260 ## - PUBLICATION, DISTRIBUTION, ETC. (IMPRINT)
Place of publication Thrissur :
Name of publisher Vilas Publishing House ,
Year of publication 1950.
300 ## - PHYSICAL DESCRIPTION
Number of Pages 158 ; .
942 ## - ADDED ENTRY ELEMENTS (KOHA)
Koha item type Books
Holdings
Withdrawn status Lost status Damaged status Home library Current library Date acquired Full call number Accession Number Koha item type
Withdrawn     KAUAET Malayalam University 07/04/2012 894.812308 899 Books
free website counter